[Event "DVM U10 2015"]
[Site "Magdeburg GER"]
[Date "2015.12.29"]
[Round "6"]
[White "Pietsch, Alexander"]
[Black "Dethloff, Florian"]
[Result "1-0"]
[Termination "normal"]
[Board "21.3"]
[WhiteElo "896"]
[BlackElo "758"]
[WhiteTeam "SV "Glück auf" Rüdersdorf"]
[BlackTeam "SV Bad Schwartau von 1930"]
[PlyCount "54"]
[EventCountry "GER"]
[EventRounds "7"]
[EventType "team-swiss"]
[EventDate "2015.12.27"]

1. e4 e5 2. Nf3 Nc6 3. Bc4 Bc5 4. Nc3 Nf6 5. d3 d6 6. h3 h6 7. Be3 Bd7 8. Bxc5
dxc5 9. Qd2 Nb4 10. a3 Nc6 11. Nd5 Nd4 12. Nxf6+ Qxf6 13. Qd1 Ba4 14. b3 Bc6
15. O-O b5 16. Bd5 Bxd5 17. exd5 Nxf3+ 18. Qxf3 Qg6 19. Rfe1 O-O 20. Rxe5 f6
21. Re7 Rae8 22. Rxc7 Kh8 23. d6 f5 24. d7 Rd8 25. Qb7 Rf7 26. Rc8 Rxc8 27.
dxc8=Q+ Rf8 1-0

[Event "DVM U10 2015"]
[Site "Magdeburg GER"]
[Date "2015.12.29"]
[Round "6"]
[White "Schmidt, Dirk"]
[Black "Martsfeld, Jonas"]
[Result "1-0"]
[Termination "normal"]
[Board "22.1"]
[WhiteElo "973"]
[BlackElo "954"]
[WhiteTeam "SV Empor Erfurt 2"]
[BlackTeam "SF HN-Biberach 1978"]
[PlyCount "67"]
[WhiteFideId "16220544"]
[BlackFideId "16255640"]
[EventCountry "GER"]
[EventRounds "7"]
[EventType "team-swiss"]
[EventDate "2015.12.27"]

1. e4 e5 2. Nf3 Nc6 3. Bc4 Bc5 4. b4 Bb6 5. c3 Nf6 6. Bd5 d6 7. d4 a6 8. Bg5 h6
9. Bxf6 Qxf6 10. O-O exd4 11. Bxc6+ bxc6 12. cxd4 Bg4 13. Re1 Bxf3 14. e5 dxe5
15. dxe5 Qf4 16. Qxf3 Qxf3 17. gxf3 Bd4 18. Nd2 Bxa1 19. Rxa1 O-O 20. Rc1 Rad8
21. Nb3 f6 22. f4 fxe5 23. fxe5 Rf5 24. e6 Re5 25. Rxc6 Rd1+ 26. Kg2 Rg5+ 27.
Kf3 Re5 28. Nc5 Kf8 29. Rxa6 Rd6 30. Ra7 Rc6 31. Nd7+ Ke7 32. Nxe5 Kxe6 33.
Nxc6 Kd6 34. Nd4 1-0

[Event "DVM U10 2015"]
[Site "Magdeburg GER"]
[Date "2015.12.29"]
[Round "6"]
[White "Melzig, Rodrigo"]
[Black "Mantu, Gabriel"]
[Result "1-0"]
[Termination "normal"]
[Board "22.2"]
[WhiteElo "984"]
[BlackElo "947"]
[WhiteTeam "SF HN-Biberach 1978"]
[BlackTeam "SV Empor Erfurt 2"]
[PlyCount "41"]
[WhiteFideId "16252764"]
[BlackFideId "16278046"]
[EventCountry "GER"]
[EventRounds "7"]
[EventType "team-swiss"]
[EventDate "2015.12.27"]

1. d4 b5 2. Nf3 Bb7 3. e3 a6 4. Bd3 e6 5. b3 Nf6 6. Bb2 Be7 7. Nc3 O-O 8. O-O
c5 9. dxc5 Bxc5 10. Qe2 b4 11. Na4 Be7 12. e4 d6 13. e5 dxe5 14. Qxe5 Bd6 15.
Qe3 Ng4 16. Qe2 Bxf3 17. Qxf3 Bxh2+ 18. Kh1 Qh4 19. Qh3 Nxf2+ 20. Rxf2 Qxf2 21.
Qxh7# 1-0

[Event "DVM U10 2015"]
[Site "Magdeburg GER"]
[Date "2015.12.29"]
[Round "6"]
[White "Runds, Emily Sophie"]
[Black "Iyengar, Sriram"]
[Result "1-0"]
[Termination "normal"]
[Board "22.3"]
[WhiteElo "976"]
[BlackElo "947"]
[WhiteTeam "SV Empor Erfurt 2"]
[BlackTeam "SF HN-Biberach 1978"]
[PlyCount "26"]
[WhiteFideId "16235231"]
[BlackFideId "16269110"]
[EventCountry "GER"]
[EventRounds "7"]
[EventType "team-swiss"]
[EventDate "2015.12.27"]

1. e4 e5 2. Nf3 Nc6 3. d4 d6 4. d5 Nd4 5. Nxd4 Nf6 6. Nf3 Bg4 7. Nc3 Be7 8. Be2
O-O 9. Be3 c5 10. O-O b6 11. Nh4 Qd7 12. Bxg4 Nxg4 13. Qxg4 g6 {Rest nicht
nachvollziehbar} 1-0

[Event "DVM U10 2015"]
[Site "Magdeburg GER"]
[Date "2015.12.29"]
[Round "6"]
[White "Gerold, Fabian"]
[Black "Mantu, Valentin"]
[Result "0-1"]
[Termination "normal"]
[Board "22.4"]
[WhiteElo "737"]
[BlackElo "952"]
[WhiteTeam "SF HN-Biberach 1978"]
[BlackTeam "SV Empor Erfurt 2"]
[PlyCount "118"]
[BlackFideId "16278054"]
[EventCountry "GER"]
[EventRounds "7"]
[EventType "team-swiss"]
[EventDate "2015.12.27"]

1. e4 b6 2. Nf3 Bb7 3. Nc3 d6 4. Bc4 e5 5. O-O g6 6. d3 Bg7 7. Bg5 Ne7 8. Qd2
O-O 9. h3 Nbc6 10. a3 Qd7 11. b4 h6 12. Bh4 g5 13. Bg3 Rad8 14. b5 Na5 15. a4
Nxc4 16. dxc4 c5 17. Nd5 Nxd5 18. cxd5 a6 19. c4 axb5 20. axb5 Ra8 21. Rxa8
Bxa8 22. Qa2 Re8 23. Re1 Kh8 24. Qd2 Bb7 25. Qc3 Bc8 26. Nxe5 dxe5 27. Bxe5
Bxe5 28. Qd3 Qd6 29. g3 Bxh3 30. Kh2 Bd7 31. Rf1 Qc7 32. Qd2 Qc8 33. f4 gxf4
34. gxf4 Bd4 35. Qg2 Qc7 36. Qg3 Rg8 37. Qe1 Rg4 38. Qd2 Rh4+ 39. Kg3 Rg4+ 40.
Kf3 Bc8 41. e5 f6 42. Re1 fxe5 43. fxe5 Qf7+ 44. Ke2 Rg2+ 45. Kd1 Rxd2+ 46.
Kxd2 Qf2+ 47. Re2 Qf4+ 48. Kd1 Bg4 49. e6 Qf1+ 50. Kc2 Qxe2+ 51. Kb3 Qd1+ 52.
Ka2 Qc2+ 53. Ka3 Qc3+ 54. Ka4 Qxc4+ 55. Ka3 Bf2 56. e7 Bh5 57. d6 Qe6 58. d7
Qxe7 59. d8=Q+ Qxd8 0-1

[Event "DVM U10 2015"]
[Site "Magdeburg GER"]
[Date "2015.12.29"]
[Round "6"]
[White "Pfefferkorn, Paul"]
[Black "Diederich, Greta"]
[Result "1/2-1/2"]
[Termination "normal"]
[Board "23.1"]
[WhiteElo "799"]
[BlackElo "1142"]
[WhiteTeam "USV TU Dresden 2"]
[BlackTeam "SV Breitenworbis"]
[PlyCount "43"]
[WhiteFideId "16255330"]
[BlackFideId "12988618"]
[EventCountry "GER"]
[EventRounds "7"]
[EventType "team-swiss"]
[EventDate "2015.12.27"]

1. e4 e5 2. Nf3 d6 3. Nc3 Be7 4. Be2 Nf6 5. O-O Be6 6. d3 O-O 7. Be3 Qd7 8. d4
Rd8 9. dxe5 dxe5 10. Nxe5 Qxd1 11. Rfxd1 Nc6 12. Nxc6 bxc6 13. e5 Ng4 14. Bxg4
Bxg4 15. f3 Bf5 16. Rxd8+ Bxd8 17. Rc1 Be7 18. Ne4 Bxe4 19. fxe4 a6 20. c3 Rd8
21. Rb1 h5 22. b4 1/2-1/2

[Event "DVM U10 2015"]
[Site "Magdeburg GER"]
[Date "2015.12.29"]
[Round "6"]
[White "Wehling, Linos"]
[Black "Schulz, Rafael"]
[Result "1/2-1/2"]
[Termination "normal"]
[Board "23.2"]
[WhiteElo "899"]
[BlackElo "812"]
[WhiteTeam "SV Breitenworbis"]
[BlackTeam "USV TU Dresden 2"]
[PlyCount "109"]
[EventCountry "GER"]
[EventRounds "7"]
[EventType "team-swiss"]
[EventDate "2015.12.27"]

1. e4 e5 2. Nf3 Nc6 3. Bc4 Nf6 4. d3 Bc5 5. O-O d6 6. h3 h6 7. Nc3 O-O 8. Bd2
Nh5 9. Nh2 Ng3 10. Re1 Qf6 11. Qf3 Qxf3 12. Nxf3 Be6 13. Bb5 f5 14. exf5 Rxf5
15. Be3 Bxe3 16. Rxe3 Nh5 17. g4 Rff8 18. gxh5 Bxh3 19. Nh2 Bd7 20. Rf3 Rxf3
21. Nxf3 Bg4 22. Bxc6 bxc6 23. Kg2 Rf8 24. Ng1 Bxh5 25. Nce2 Rf6 26. Re1 Rg6+
27. Ng3 Rg5 28. Kf1 Bf7 29. b3 h5 30. Nh3 Rg6 31. Nxh5 Rh6 32. N5f4 exf4 33.
Nxf4 Rh4 34. Ng2 Rh1+ 35. Ke2 Bh5+ 36. f3 Rh2 37. Kf2 Rh3 38. Re3 d5 39. d4 c5
40. c3 cxd4 41. cxd4 g5 42. f4 Rxe3 43. Kxe3 gxf4+ 44. Nxf4 Bf7 45. Kd3 Kf8 46.
Kc3 Ke7 47. Kb4 Kd6 48. Kb5 Bg8 49. Ng6 Bh7 50. Nf8 Bd3+ 51. Kb4 Ke7 52. Kc5
Kxf8 53. Kxd5 Bb1 54. Kc6 Be4+ 55. Kxc7 1/2-1/2

[Event "DVM U10 2015"]
[Site "Magdeburg GER"]
[Date "2015.12.29"]
[Round "6"]
[White "Posselt, Daniel"]
[Black "Conradi, Bennet"]
[Result "1-0"]
[Termination "normal"]
[Board "23.3"]
[WhiteElo "855"]
[BlackElo "863"]
[WhiteTeam "USV TU Dresden 2"]
[BlackTeam "SV Breitenworbis"]
[PlyCount "83"]
[WhiteFideId "16298241"]
[EventCountry "GER"]
[EventRounds "7"]
[EventType "team-swiss"]
[EventDate "2015.12.27"]

1. e4 e5 2. Nf3 Nc6 3. Bc4 Be7 4. d3 Nf6 5. Bg5 O-O 6. Nc3 d6 7. h3 Be6 8. O-O
Bxc4 9. dxc4 a5 10. a4 Nb4 11. b3 g6 12. Qe2 Kg7 13. Rac1 Rh8 14. Rfd1 Ra6 15.
c5 h6 16. Bxf6+ Bxf6 17. cxd6 cxd6 18. Nb5 Be7 19. Nxe5 Bf6 20. Nc4 Be7 21. e5
d5 22. Ne3 Bg5 23. Nxd5 Nxd5 24. Rb1 Be7 25. Nc3 Qc7 26. Nxd5 Qd8 27. Nb4 Qa8
28. Nxa6 bxa6 29. c4 Re8 30. Qf3 Qa7 31. Rdc1 Qd4 32. Qe3 Qd7 33. c5 Rc8 34. b4
Qxa4 35. bxa5 Qa2 36. c6 Rc7 37. Qb6 Bd8 38. Qb8 Qd5 39. Rb7 Qxe5 40. Qxd8 Rxc6
41. Rxc6 Qe1+ 42. Kh2 1-0

[Event "DVM U10 2015"]
[Site "Magdeburg GER"]
[Date "2015.12.29"]
[Round "6"]
[White "Linnekuhl, Pascal"]
[Black "Bode, Gustav"]
[Result "0-1"]
[Termination "normal"]
[Board "23.4"]
[WhiteElo "873"]
[BlackElo "762"]
[WhiteTeam "SV Breitenworbis"]
[BlackTeam "USV TU Dresden 2"]
[PlyCount "46"]
[EventCountry "GER"]
[EventRounds "7"]
[EventType "team-swiss"]
[EventDate "2015.12.27"]

1. e4 e5 2. Nf3 d6 3. Be2 Nf6 4. Nc3 Nc6 5. d3 Be7 6. Be3 Be6 7. Qd2 Qd7 8. O-O
O-O 9. Rad1 d5 10. Rfe1 d4 11. Nd5 dxe3 12. Nxf6+ Bxf6 13. Qxe3 Bxa2 14. c3
Rad8 15. c4 Be7 16. c5 b6 17. cxb6 cxb6 18. Rc1 Na5 19. Nxe5 Qb7 20. d4 f6 21.
Nc4 Nb3 22. Rcd1 Bb4 23. Rf1 b5 0-1

[Event "DVM U10 2015"]
[Site "Magdeburg GER"]
[Date "2015.12.29"]
[Round "6"]
[White "Müller, Linus"]
[Black "Möschwitzer, Luis"]
[Result "1-0"]
[Termination "normal"]
[Board "25.1"]
[WhiteElo "936"]
[BlackElo "975"]
[WhiteTeam "Hamburger SK von 1830 2"]
[BlackTeam "SG Blau-Weiß Stadtilm 2"]
[PlyCount "115"]
[WhiteFideId "16245946"]
[EventCountry "GER"]
[EventRounds "7"]
[EventType "team-swiss"]
[EventDate "2015.12.27"]

1. e4 e5 2. Nf3 Nc6 3. Bb5 a6 4. Ba4 Nf6 5. d3 g6 6. Bg5 Bg7 7. Qd2 b5 8. Bb3
h6 9. Bh4 O-O 10. Bxf6 Bxf6 11. Qxh6 Bg7 12. Qe3 Bb7 13. Nbd2 d6 14. c3 a5 15.
d4 Qe7 16. d5 Na7 17. O-O c6 18. dxc6 Nxc6 19. Rad1 Ba6 20. Rfe1 Rfd8 21. Bd5
Bb7 22. Ng5 Rf8 23. Qg3 Bh6 24. Ndf3 Kh8 25. Qh4 Kg7 26. Rb1 Rh8 27. Nxf7 Rh7
28. Qxe7 Nxe7 29. N3g5 Bxg5 30. Nxg5 Rh5 31. Bxb7 Rb8 32. Ne6+ Kf6 33. Bd5 Rbh8
34. h3 g5 35. f3 Rc8 36. b4 a4 37. Rbc1 Nxd5 38. exd5 Rh4 39. Re4 Rh7 40. Rg4
Rg8 41. c4 bxc4 42. Rcxc4 a3 43. Rc3 Ra7 44. b5 Rb8 45. Nxg5 Rxb5 46. Ne4+ Ke7
47. Rg7+ Kd8 48. Rxa7 Rb1+ 49. Kh2 Rb8 50. Rcxa3 Kc8 51. Nxd6+ Kd8 52. R3a4 e4
53. Nxe4 Kc8 54. Nd6+ Kd8 55. Rh4 Rb7 56. Nxb7+ Kc8 57. Nd6+ Kb8 58. Rg7 1-0

[Event "DVM U10 2015"]
[Site "Magdeburg GER"]
[Date "2015.12.29"]
[Round "6"]
[White "Tomasini, Marius"]
[Black "Grabbel, Torben Frederik"]
[Result "0-1"]
[Termination "normal"]
[Board "25.2"]
[WhiteElo "836"]
[BlackElo "981"]
[WhiteTeam "SG Blau-Weiß Stadtilm 2"]
[BlackTeam "Hamburger SK von 1830 2"]
[PlyCount "46"]
[BlackFideId "16219180"]
[EventCountry "GER"]
[EventRounds "7"]
[EventType "team-swiss"]
[EventDate "2015.12.27"]

1. e4 e5 2. Nf3 Nc6 3. Nc3 Nf6 4. Bc4 Bb4 5. d3 Bxc3+ 6. bxc3 d6 7. Be3 O-O 8.
O-O Bg4 9. Rb1 Rb8 10. d4 Re8 11. Bb5 Nxe4 12. Qd3 Nf6 13. d5 e4 14. Qc4 exf3
15. dxc6 bxc6 16. Bxc6 Rxb1 17. Rxb1 Rf8 18. Bg5 Be6 19. Qh4 fxg2 20. Be4 h6
21. Be3 Nxe4 22. Qxe4 Bxa2 23. Ra1 Re8 {nicht weiter nachvollziehbar} 0-1

[Event "DVM U10 2015"]
[Site "Magdeburg GER"]
[Date "2015.12.29"]
[Round "6"]
[White "Hartmann, Samuel"]
[Black "Derling, Charlotte"]
[Result "1-0"]
[Termination "normal"]
[Board "26.1"]
[WhiteElo "888"]
[BlackElo "925"]
[WhiteTeam "SG Niederkassel"]
[BlackTeam "SV Roter Turm Halle 2"]
[PlyCount "75"]
[BlackFideId "16222237"]
[EventCountry "GER"]
[EventRounds "7"]
[EventType "team-swiss"]
[EventDate "2015.12.27"]

1. e4 e5 2. Nf3 Nc6 3. Bc4 Nf6 4. d3 d5 5. exd5 Nxd5 6. c3 Bc5 7. O-O O-O 8.
Nbd2 Nf6 9. Re1 Re8 10. Ne4 Bb6 11. Bg5 h6 12. Nxf6+ gxf6 13. Bxh6 Qd7 14. h3
Qf5 15. d4 Bd7 16. Bd5 exd4 17. Bxc6 Bxc6 18. cxd4 Qg6 19. Bf4 Red8 20. Be3 Rd7
21. Qd2 Bxf3 22. g3 Qf5 23. g4 Qh7 24. Kh2 Rd5 25. Rg1 c6 26. Rg3 Bc7 27. Bf4
Bb6 28. Be3 Bc7 29. Bf4 Bb6 30. Rxf3 Rxd4 31. Qe2 Rad8 32. Rg1 Qh4 33. Qe3 Rb4
34. Qe1 Rxb2 35. g5 f5 36. g6 Bxf2 37. gxf7+ Kxf7 38. Bg5 1-0

[Event "DVM U10 2015"]
[Site "Magdeburg GER"]
[Date "2015.12.29"]
[Round "6"]
[White "Franke, Josef"]
[Black "Tran Minh, Duc"]
[Result "1-0"]
[Termination "normal"]
[Board "27.1"]
[WhiteElo "946"]
[BlackElo "796"]
[WhiteTeam "SK Neumarkt"]
[BlackTeam "SF Hettstedt 2"]
[PlyCount "39"]
[EventCountry "GER"]
[EventRounds "7"]
[EventType "team-swiss"]
[EventDate "2015.12.27"]

1. e4 e5 2. Nf3 Nc6 3. Bc4 Nf6 4. Ng5 d5 5. exd5 Nxd5 6. d3 Be7 7. Nf3 O-O 8.
Nc3 Nf4 9. O-O Be6 10. Bb3 Qd7 11. d4 h6 12. Bxf4 exf4 13. h3 Bxh3 14. gxh3
Qxh3 15. Ne4 Na5 16. Qd3 g5 17. Nexg5 hxg5 18. Nxg5 Qg4+ 19. Kh1 Qxg5 20. Rg1
1-0

[Event "DVM U10 2015"]
[Site "Magdeburg GER"]
[Date "2015.12.29"]
[Round "6"]
[White "Loreck, Tristan"]
[Black "Kraus, Jakob"]
[Result "0-1"]
[Termination "normal"]
[Board "27.2"]
[WhiteElo "757"]
[BlackElo "789"]
[WhiteTeam "SF Hettstedt 2"]
[BlackTeam "SK Neumarkt"]
[PlyCount "40"]
[EventCountry "GER"]
[EventRounds "7"]
[EventType "team-swiss"]
[EventDate "2015.12.27"]

1. Nf3 Nc6 2. d4 d5 3. Nc3 Bf5 4. Bg5 h6 5. Bf4 e6 6. Bd2 Nf6 7. e3 Bd6 8. Bb5
O-O 9. O-O Nb4 10. a3 Bxc2 11. Qc1 Be4 12. axb4 Bxf3 13. gxf3 a6 14. Bd3 e5 15.
Kh1 e4 16. fxe4 dxe4 17. Nxe4 Nxe4 18. Bxe4 Qh4 19. h3 Qxh3+ 20. Kg1 Qh2# 0-1

[Event "DVM U10 2015"]
[Site "Magdeburg GER"]
[Date "2015.12.29"]
[Round "6"]
[White "Hostmann, Henning"]
[Black "von Hugo, Amelie"]
[Result "1-0"]
[Termination "normal"]
[Board "28.1"]
[WhiteElo "965"]
[BlackElo "729"]
[WhiteTeam "USC Magdeburg 2"]
[BlackTeam "KSV Rochade Göttingen 3"]
[PlyCount "81"]
[WhiteFideId "16255380"]
[EventCountry "GER"]
[EventRounds "7"]
[EventType "team-swiss"]
[EventDate "2015.12.27"]

1. e4 e5 2. Nf3 Nc6 3. Bc4 Nf6 4. Nc3 Bc5 5. d3 Ng4 6. O-O O-O 7. Bg5 Qe8 8. h3
Nxf2 9. Qe2 d6 10. Bh4 Na5 11. Bxf2 Bxf2+ 12. Rxf2 Nxc4 13. dxc4 Qc6 14. Nd5
Be6 15. Ne7+ Kh8 16. Nxc6 bxc6 17. Ng5 Bd7 18. Rxf7 Rxf7 19. Nxf7+ Kg8 20. Rf1
Rf8 21. Ng5 h6 22. Rxf8+ Kxf8 23. Qf3+ Ke8 24. Qf7+ Kd8 25. Ne6+ Bxe6 26. Qxe6
d5 27. cxd5 cxd5 28. exd5 g5 29. Qxh6 e4 30. Kf2 Kd7 31. Ke3 a5 32. Kxe4 g4 33.
h4 g3 34. Qe6+ Kd8 35. d6 cxd6 36. Qxd6+ Ke8 37. Qc7 a4 38. Ke5 a3 39. b3 Kf8
40. Kf6 Kg8 41. Qg7# 1-0

[Event "DVM U10 2015"]
[Site "Magdeburg GER"]
[Date "2015.12.29"]
[Round "6"]
[White "Fahrendorff, Tristan"]
[Black "Khanbekyan, Nare"]
[Result "0-1"]
[Termination "normal"]
[Board "28.2"]
[WhiteElo "774"]
[BlackElo "698"]
[WhiteTeam "KSV Rochade Göttingen 3"]
[BlackTeam "USC Magdeburg 2"]
[PlyCount "56"]
[BlackFideId "16270916"]
[EventCountry "GER"]
[EventRounds "7"]
[EventType "team-swiss"]
[EventDate "2015.12.27"]

1. e4 e5 2. Nf3 Nc6 3. Nc3 Bc5 4. d3 Nf6 5. Nxe5 Nxe5 6. d4 Bd6 7. dxe5 Bxe5 8.
Bg5 d6 9. Nb5 O-O 10. Be2 Bxb2 11. Rb1 Be5 12. Bd2 Nxe4 13. Ba5 Bf5 14. Nxc7
Rc8 15. Qd2 Nxd2 16. Kxd2 b6 17. Bc3 Bxc3+ 18. Kxc3 Rxc7+ 19. Bc4 Be6 20. Kd3
Bxc4+ 21. Kc3 Bxa2+ 22. Kb2 Bxb1 23. Kxb1 Qc8 24. h4 Rxc2 25. g4 Rxf2 26. h5
Qa8 27. Rh3 a5 28. Kc1 a4 0-1

[Event "DVM U10 2015"]
[Site "Magdeburg GER"]
[Date "2015.12.29"]
[Round "7"]
[White "Zeuner, Ole"]
[Black "Weihrauch, Jakob"]
[Result "1/2-1/2"]
[Termination "normal"]
[Board "1.1"]
[WhiteElo "1559"]
[BlackElo "1732"]
[WhiteTeam "Schachzwerge Magdeburg 1"]
[BlackTeam "Hamburger SK von 1830 1"]
[PlyCount "66"]
[WhiteFideId "12943576"]
[BlackFideId "16210115"]
[EventCountry "GER"]
[EventRounds "7"]
[EventType "team-swiss"]
[EventDate "2015.12.27"]

1. e4 c5 2. Nf3 d6 3. c3 Nf6 4. Bc4 Nxe4 5. Qa4+ Nc6 6. Bxf7+ Kxf7 7. Qxe4 e6
8. O-O Be7 9. d4 cxd4 10. cxd4 Qa5 11. Nc3 Bf6 12. Bd2 Qf5 13. Qxf5 exf5 14.
Be3 Ne7 15. Rac1 Bd7 16. Bf4 Bc6 17. Bxd6 Bxf3 18. Bxe7 Bxg2 19. Kxg2 Kxe7 20.
Nd5+ Kd6 21. Nxf6 gxf6 22. Kf3 Rae8 23. Rfe1 Rxe1 24. Rxe1 Rc8 25. Re2 Rc4 26.
Rd2 Ra4 27. b3 Ra5 28. Kf4 Rd5 29. h3 Kd7 30. Rd3 Ke6 31. Re3+ Kd7 32. Rd3 Kd6
33. Rd2 Kc6 1/2-1/2

[Event "DVM U10 2015"]
[Site "Magdeburg GER"]
[Date "2015.12.29"]
[Round "7"]
[White "Huo, Da"]
[Black "Morgenstern, Tobias"]
[Result "1/2-1/2"]
[Termination "normal"]
[Board "1.2"]
[WhiteElo "1320"]
[BlackElo "1342"]
[WhiteClock "00:12:11"]
[BlackClock "00:05:17"]
[WhiteTeam "Hamburger SK von 1830 1"]
[BlackTeam "Schachzwerge Magdeburg 1"]
[PlyCount "120"]
[WhiteFideId "16221206"]
[BlackFideId "12974390"]
[EventCountry "GER"]
[EventRounds "7"]
[EventType "team-swiss"]
[EventDate "2015.12.27"]

1. e4 {[%clk 0:59:58]} e5 {[%clk 0:59:53]} 2. Nf3 {[%clk 0:59:54]} Nc6 {[%clk
0:59:45]} 3. Bc4 {[%clk 0:59:46]} Bc5 {[%clk 0:59:33]} 4. c3 {[%clk 0:59:38]}
Nf6 {[%clk 0:59:22]} 5. d3 {[%clk 0:59:29]} d6 {[%clk 0:59:07]} 6. b4 {[%clk
0:59:22]} Bb6 {[%clk 0:58:16]} 7. a4 {[%clk 0:59:16]} a5 {[%clk 0:55:39]} 8. b5
{[%clk 0:59:09]} Ne7 {[%clk 0:54:49]} 9. Qb3 {[%clk 0:59:04]} O-O {[%clk
0:53:46]} 10. O-O {[%clk 0:58:53]} Ng6 {[%clk 0:49:56]} 11. Nbd2 {[%clk
0:58:17]} Qe7 {[%clk 0:48:49]} 12. Ba3 {[%clk 0:56:52]} Be6 {[%clk 0:46:50]}
13. Rfe1 {[%clk 0:56:36]} Nf4 {[%clk 0:46:01]} 14. Nxe5 {[%clk 0:54:33]} Bxc4
{[%clk 0:45:14]} 15. Ndxc4 {[%clk 0:54:17]} Qe6 {[%clk 0:41:12]} 16. Nf3 {[%clk
0:51:47]} Nxd3 {[%clk 0:40:22]} 17. Re2 {[%clk 0:50:41]} Rfe8 {[%clk 0:32:43]}
18. Ncd2 {[%clk 0:36:17]} Qxb3 {[%clk 0:32:00]} 19. Nxb3 {[%clk 0:36:11]} Nxe4
{[%clk 0:31:12]} 20. Nbd4 {[%clk 0:35:00]} Nxc3 {[%clk 0:29:36]} 21. Rd2 {[%clk
0:33:24]} Nc5 {[%clk 0:27:43]} 22. Bxc5 {[%clk 0:32:41]} Bxc5 {[%clk 0:27:14]}
23. Rc2 {[%clk 0:29:06]} Nd5 {[%clk 0:25:39]} 24. Nb3 {[%clk 0:28:21]} Bb6
{[%clk 0:24:55]} 25. g3 {[%clk 0:27:20]} Nb4 {[%clk 0:23:48]} 26. Rd2 {[%clk
0:27:14]} Re7 {[%clk 0:23:09]} 27. Rb1 {[%clk 0:26:36]} Rae8 {[%clk 0:22:05]}
28. Rbb2 {[%clk 0:26:28]} h6 {[%clk 0:21:23]} 29. Kg2 {[%clk 0:26:25]} Re6
{[%clk 0:19:39]} 30. h4 {[%clk 0:24:22]} c6 {[%clk 0:18:04]} 31. Nfd4 {[%clk
0:24:00]} Bxd4 {[%clk 0:17:27]} 32. Nxd4 {[%clk 0:23:53]} Re5 {[%clk 0:15:34]}
33. bxc6 {[%clk 0:23:24]} bxc6 {[%clk 0:15:25]} 34. Nf3 {[%clk 0:22:51]} Rd5
{[%clk 0:15:19]} 35. Rxd5 Nxd5 {[%clk 0:15:12]} 36. Nd4 {[%clk 0:21:36]} c5
{[%clk 0:13:41]} 37. Nb5 {[%clk 0:21:29]} Rd8 {[%clk 0:12:54]} 38. Rd2 {[%clk
0:21:24]} Nb6 {[%clk 0:11:57]} 39. Rxd6 {[%clk 0:21:05]} Rxd6 {[%clk 0:11:47]}
40. Nxd6 {[%clk 0:21:01]} Nxa4 {[%clk 0:11:30]} 41. Nb7 {[%clk 0:20:58]} c4
{[%clk 0:11:08]} 42. Nxa5 {[%clk 0:20:54]} f6 {[%clk 0:10:35]} 43. Nxc4 {[%clk
0:20:49]} Kf7 44. f4 Nc5 {[%clk 0:09:26]} 45. Kf3 {[%clk 0:20:42]} Ne6 {[%clk
0:08:57]} 46. g4 {[%clk 0:19:17]} Nd4+ {[%clk 0:08:24]} 47. Ke4 {[%clk
0:19:11]} Nc6 {[%clk 0:07:47]} 48. h5 {[%clk 0:18:29]} Ne7 {[%clk 0:07:37]} 49.
Nd6+ {[%clk 0:17:48]} Ke6 {[%clk 0:07:22]} 50. Nc4 {[%clk 0:16:27]} Nc6 {[%clk
0:07:09]} 51. f5+ {[%clk 0:15:44]} Ke7 {[%clk 0:06:55]} 52. Ne3 {[%clk
0:14:31]} Ne5 {[%clk 0:06:40]} 53. Kf4 {[%clk 0:14:05]} Kd6 {[%clk 0:06:23]}
54. Ng2 {[%clk 0:13:47]} Kd5 {[%clk 0:06:10]} 55. Ne3+ {[%clk 0:13:24]} Kd4
{[%clk 0:05:57]} 56. Nc2+ {[%clk 0:13:21]} Kc3 {[%clk 0:05:42]} 57. Ne1 {[%clk
0:12:53]} Kd4 {[%clk 0:05:29]} 58. Nc2+ {[%clk 0:12:32]} Kc3 {[%clk 0:05:25]}
59. Ne1 {[%clk 0:12:18]} Kd4 {[%clk 0:05:21]} 60. Nc2+ {[%clk 0:12:11]} Kc3
{[%clk 0:05:17]} 1/2-1/2

[Event "DVM U10 2015"]
[Site "Magdeburg GER"]
[Date "2015.12.29"]
[Round "7"]
[White "Joppich, Til"]
[Black "von Krosigk, Florian"]
[Result "1-0"]
[Termination "normal"]
[Board "1.3"]
[WhiteElo "1515"]
[BlackElo "1254"]
[WhiteClock "00:13:29"]
[BlackClock "00:24:56"]
[WhiteTeam "Schachzwerge Magdeburg 1"]
[BlackTeam "Hamburger SK von 1830 1"]
[PlyCount "91"]
[WhiteFideId "16232917"]
[BlackFideId "16227808"]
[EventCountry "GER"]
[EventRounds "7"]
[EventType "team-swiss"]
[EventDate "2015.12.27"]

1. e4 {[%clk 0:59:58]} e5 {[%clk 0:59:58]} 2. Nf3 {[%clk 0:59:51]} Nc6 {[%clk
0:59:56]} 3. Bc4 {[%clk 0:59:44]} Bc5 {[%clk 0:59:51]} 4. c3 {[%clk 0:59:40]}
Nf6 {[%clk 0:59:45]} 5. d4 {[%clk 0:59:28]} exd4 {[%clk 0:59:22]} 6. e5 {[%clk
0:59:23]} Qe7 {[%clk 0:58:54]} 7. O-O {[%clk 0:53:26]} Ng4 {[%clk 0:58:17]} 8.
cxd4 {[%clk 0:49:11]} Bb6 {[%clk 0:57:20]} 9. Re1 {[%clk 0:47:04]} O-O {[%clk
0:55:20]} 10. h3 Nh6 {[%clk 0:51:23]} 11. Bxh6 {[%clk 0:43:44]} gxh6 {[%clk
0:51:16]} 12. d5 {[%clk 0:41:42]} Na5 {[%clk 0:49:34]} 13. Bd3 {[%clk 0:39:53]}
Qc5 {[%clk 0:48:52]} 14. Qd2 {[%clk 0:38:22]} Nc4 {[%clk 0:45:40]} 15. Qc2
{[%clk 0:35:46]} Na5 {[%clk 0:43:44]} 16. Qxc5 {[%clk 0:35:04]} Bxc5 {[%clk
0:43:36]} 17. Nc3 {[%clk 0:33:18]} b6 {[%clk 0:42:43]} 18. Re4 {[%clk 0:29:42]}
d6 {[%clk 0:41:55]} 19. e6 {[%clk 0:27:11]} fxe6 {[%clk 0:41:14]} 20. dxe6
{[%clk 0:25:21]} Re8 {[%clk 0:38:40]} 21. b4 {[%clk 0:23:12]} Bxe6 {[%clk
0:36:50]} 22. bxc5 {[%clk 0:22:47]} dxc5 {[%clk 0:36:17]} 23. Rae1 {[%clk
0:22:24]} Bf7 {[%clk 0:35:52]} 24. Rxe8+ {[%clk 0:21:56]} Rxe8 {[%clk 0:34:52]}
25. Rxe8+ {[%clk 0:21:49]} Bxe8 {[%clk 0:34:49]} 26. Nd5 {[%clk 0:21:36]} c4
{[%clk 0:33:24]} 27. Bxh7+ {[%clk 0:20:41]} Kxh7 {[%clk 0:33:14]} 28. Nf6+
{[%clk 0:20:36]} Kg6 {[%clk 0:33:05]} 29. Nxe8 {[%clk 0:20:30]} c5 {[%clk
0:32:49]} 30. Nd6 {[%clk 0:20:00]} c3 {[%clk 0:30:21]} 31. Ne1 {[%clk 0:19:49]}
a6 {[%clk 0:29:37]} 32. Ne4 {[%clk 0:19:26]} Kf5 {[%clk 0:29:26]} 33. Nxc3
{[%clk 0:19:06]} b5 {[%clk 0:29:07]} 34. Kf1 {[%clk 0:18:23]} b4 {[%clk
0:28:45]} 35. Nd1 {[%clk 0:17:53]} c4 {[%clk 0:28:24]} 36. Ke2 {[%clk 0:17:28]}
Ke5 {[%clk 0:27:15]} 37. Nc2 {[%clk 0:16:31]} b3 {[%clk 0:26:15]} 38. axb3
{[%clk 0:16:23]} cxb3 {[%clk 0:26:11]} 39. Nce3 {[%clk 0:16:13]} Kd4 {[%clk
0:25:55]} 40. Kd2 {[%clk 0:15:37]} Nc4+ {[%clk 0:25:31]} 41. Nxc4 {[%clk
0:15:04]} Kxc4 {[%clk 0:25:25]} 42. Nb2+ {[%clk 0:14:43]} Kb4 {[%clk 0:25:20]}
43. f4 {[%clk 0:14:34]} a5 {[%clk 0:25:13]} 44. f5 {[%clk 0:13:44]} a4 {[%clk
0:25:01]} 45. Nxa4 {[%clk 0:13:29]} Kxa4 {[%clk 0:24:56]} 46. Kc1 1-0